000 00539nam a2200193Ia 4500
008 160319s9999 xx 000 0 und d
245 _aTriangles & squares :
245 _bfun shapes /
245 _cBarney Home Video ; Hit Entertainment.
260 _bViva Video Inc.
260 _c2006
300 _a1 video disc :
300 _bsound, colored ;
300 _c4 3/4 in.
650 _aBarney (Fictitious character)
650 _aBarney (Fictitious character) --
650 _aChildren's songs.
650 _xJuvenile films.
999 _c292688
_d292688